Countries Closest to Germany - 15 Second Sprint - Statistics

General Stats
  • This quiz has been taken 208 times
  • The average score is 6 of 20
Answer Stats
km country miles % Correct
0 France 0
79%
0 Poland 0
73%
0 Belgium 0
65%
0 Denmark 0
62%
0 Austria 0
59%
0 Netherlands 0
59%
0 Switzerland 0
45%
0 Luxembourg 0
40%
0 Czechia 0
32%
45 Italy 28
26%
72 Sweden 45
20%
33 Liechtenstein 20
16%
327 Norway 203
15%
224 Slovakia 139
15%
295 United Kingdom 184
15%
221 Hungary 137
10%
357 Russia 222
10%
118 Slovenia 73
4%
331 Bosnia and Herzegovina 205
1%
222 Croatia 138
1%
No matching quizzes found
Score Distribution
Percent of People with Each Score
Percentile by Number Answered
Your Score History
You have not taken this quiz